Normal view
MARC view
Entry Topical Term
001 - CONTROL NUMBER
- control field: 31865
003 - CONTROL NUMBER IDENTIFIER
- control field: OSt
005 - DATE AND TIME OF LATEST TRANSACTION
- control field: 20220228153456.0
008 - FIXED-LENGTH DATA ELEMENTS
- fixed length control field: 220228|| aca||aabn | a|a d
040 ## - CATALOGING SOURCE
- Original cataloging agency: OSt
- Transcribing agency: OSt
150 ## - HEADING--TOPICAL TERM
- Topical term or geographic name entry element: Wood products
670 ## - SOURCE DATA FOUND
- Source citation: Work cat.: (OSt)31920: Walker, J. C. F. 31864, Primary wood processing :, 1993.